The foundations of mind (Record no. 206346)
[ view plain ]
| 000 -LEADER | |
|---|---|
| fixed length control field | 01853nam a22003254a 4500 |
| 082 04 - DEWEY DECIMAL CLASSIFICATION NUMBER | |
| Classification number | 155.42/2323 |
| 100 1# - MAIN ENTRY--AUTHOR NAME | |
| Personal name | Mandler, Jean Matter. |
| 245 14 - TITLE STATEMENT | |
| Title | The foundations of mind |
| 260 ## - PUBLICATION, DISTRIBUTION, ETC. (IMPRINT) | |
| Place of publication | Oxford ; |
| -- | New York : |
| Name of publisher | Oxford University Press, |
| Year of publication | 2004. |
| 300 ## - PHYSICAL DESCRIPTION | |
| Number of Pages | xiii, 359 p. : |
| Other physical details | ill. |
| 490 1# - SERIES STATEMENT | |
| Series statement | Oxford series in cognitive development |
| 505 0# - FORMATTED CONTENTS NOTE | |
| Formatted contents note | How to build a baby : prologue -- Piaget's sensorimotor infant -- Kinds of representation : seeing and thinking -- Perceptual meaning analysis and image-schemas : the infant as interpreter -- Some image-schemas and their functions -- Some differences between percepts and concepts : the case of the basic level -- Some preverbal concepts -- Conceptual categories as induction machines -- Continuity in the conceptual system : acquisition, breakdown, and reorganization -- Recall of the past -- Language acquisition -- Consciousness and conclusions. |
| 650 #0 - SUBJECT ADDED ENTRY--TOPICAL TERM | |
| Topical Term | Cognition in infants. |
| Topical Term | Concepts in infants. |
| 856 40 - ELECTRONIC LOCATION AND ACCESS | |
| Uniform Resource Identifier | http://site.ebrary.com/lib/rucke/Doc?id=10103678 |
No items available.
